| 000 | 00858nmc a2200325 a 4500 | ||
|---|---|---|---|
| 003 | AR-BaBNM | ||
| 005 | 20251128203831.0 | ||
| 008 | 011101s1991 ||||||||||||||000 | spa|| | ||
| 020 | _a950-16-3055-2 | ||
| 040 | _cAR-BaBNM | ||
| 100 | 1 | _aNúñez, Blanca Aída | |
| 245 | 1 | 0 |
_aEl niño sordo y su familia _baportes desde la psicología clínica |
| 250 | _a2ª ed. | ||
| 260 |
_aBuenos Aires _bTroquel _c1991 |
||
| 300 | 0 | _a105 p. | |
| 490 | 0 | _aTroquel educación | |
| 504 | _aContiene bibliografía | ||
| 650 | 4 | _aSORDOS | |
| 650 | 4 | _aEDUCACION DE SORDOS | |
| 650 | 4 | _aPSICOLOGIA CLINICA | |
| 650 | 4 | _aREHABILITACION | |
| 650 | 4 | _aPAPEL DE LA FAMILIA | |
| 650 | 4 | _aJUEGO | |
| 650 | 4 | _aDESARROLLO MENTAL | |
| 650 | 4 | _aTERAPIA | |
| 700 | 1 |
_aJacob, Esther _eeditor |
|
| 800 | 1 |
_aJacob, Esther _edirector |
|
| 942 | _cBK | ||
| 998 | _cMARTIN | ||
| 999 |
_c5102 _d5102 |
||